000 00671nam a22002651i 4500
001 0634438
003 DO-SdBNP
005 20171212115416.0
007 0634438
008 900725s1978 sp spa
016 7 _a
_z
_2BPMSU
017 _a
_b
020 _a842431526X
035 _a
040 _aBPMSU
_bspa
_cBPMSU
080 0 _a
245 1 0 _aAventuras de aviación
_h
260 _aBilbao :
_bLaida,
_c 1978
300 _a[56 ] p.
_bil.
_c23 cm
490 0 _a Aventuras fantásticas
830 _a Aventuras fantásticas
942 _2ddc
_cBK
945 _aInventariado extranjero 2017 / YL
956 _aVMATEO
_210
_320160519
_6BPMSU
_80069
999 _c10176
_d10176